Pilihan terunggul [ karaoke volume 4
| Format: | Book |
|---|---|
| Published: |
Kuala Lumpur :
Serasi Music Sdn Bhd ,
2000
|
| Subjects: |
MARC
| LEADER | 00000cam a2200000 7i4500 | ||
|---|---|---|---|
| 001 | 0000041730 | ||
| 005 | 20001218.0 | ||
| 090 | 0 | 0 | |a MUZ |b PIL |
| 245 | 0 | 0 | |a Pilihan terunggul [ |h cd music] : |b karaoke volume 4 |
| 260 | |a Kuala Lumpur : |b Serasi Music Sdn Bhd , |c 2000 | ||
| 300 | |a 1 CD music (65 minutes) : |b col | ||
| 500 | |a Library has 2 copies | ||
| 650 | 0 | 0 | |a Pilihan terunggul karaoke |
| 999 | |a AV 01263 |b CD MUSIC |c PINJAMAN |e PERPUSTAKAAN KOMUNITI PETALING JAYA | ||
| 999 | |a AV 01264 |b CD MUSIC |c PINJAMAN |e PERPUSTAKAAN KOMUNITI PETALING JAYA | ||